000 00588nam a2200229Ia 4500
003 OSt
005 20220912150528.0
006 a|||||r|||| 00| 0
007 ta
008 220909b |||||||| |||| 00| 0 eng d
024 _a31939
037 _cTextual
040 _aCSL
_beng
_cCSL
041 _aeng
082 _aD65,8(B):3, M22
100 _aWeil U
245 0 _aInformation systems in the 80's
260 _aEnglewood
_bCliffs Prentice-Hall
_c1982
300 _axiv,383p.
_ccm.
942 _hD65,8(B):3, M22
_cTEXL
_2CC
999 _c49427
_d49427